000 00853nam a2200265 a 4500
001 64672
003 BD-RjUL
005 20211209081332.0
008 170219s1948 enk b 001 0 eng
035 _a(BD-RjUL)64802
040 _aDLC
_cNBiSU
_dBD-RjUL
_beng
041 _aeng
082 _a956.9404
_223
_bZIR 1948
100 1 _aZiff, William B.
_q(William Bernard),
_d1898-1953.
_9191742
245 1 4 _aThe rape of Palestine /
_cWilliam B Ziff (William Bernard)
260 _aLondon :
_bSt. Botolph's Pub. Co.,
_c1948.
300 _ax, 599 p. :
_bill. ;
_c22 cm.
504 _a"Selected bibliography": p. 573-584.
650 0 _aJews
_zPalestine.
_9191743
650 0 _aMandates
_zPalestine.
_9183225
650 0 _aZionism.
_9191744
650 0 _aPalestinian Arabs.
_9191745
651 0 _aPalestine
_xPolitics and government.
_9183226
942 _2ddc
_cBK
999 _c64672
_d64672